01523nam a22003254a 4500001001200000003000800012006001900020007001500039008004100054010001700095020003500112040002100147035002100168050002300189082002200212245017000234260006100404300002400465500017700489504005100666533015200717650006700869655002900936700002900965700001800994700002501012710001701037856012601054999001701180ebr10026265CaPaEBRm u cr cn|||||||||010807s2001 dcua sbs 101 0 eng  z 2001004821 z0815702450 (pbk. : alk. paper) aCaPaEBRcCaPaEBR a(OCoLC)61470575014aHG195b.O64 2001eb04a332.1/09172/422100aOpen doorsh[electronic resource] :bforeign participation in financial systems in developing countries /cRobert E. Litan, Paul Masson, Michael Pomerleano, editors. aWashington, D.C. :bBrookings Institution Press,cc2001. avii, 440 p. :bill. aBased on a conference held on Apr. 19-21, 2001, in New York City, jointly sponsored by the World Bank Group, the International Monetary Fund, and the Brookings Institution. aIncludes bibliographical references and index. aElectronic reproduction.bPalo Alto, Calif. :cebrary,d2013.nAvailable via World Wide Web.nAccess may be limited to ebrary affiliated libraries. 0aFinancial services industryzDeveloping countriesvCongresses. 7aElectronic books.2local1 aLitan, Robert E.,d1950-1 aMasson, Paul.1 aPomerleano, Michael.2 aebrary, Inc.40uhttp://site.ebrary.com/lib/rucke/Doc?id=10026265zAn electronic book accessible through the World Wide Web; click to view c23027d23027